| 000 -LEADER |
| fixed length control field |
01161nam a22002417a 4500 |
| 001 - CONTROL NUMBER |
| control field |
10819 |
| 003 - CONTROL NUMBER IDENTIFIER |
| control field |
BD-DhUAP |
| 005 - DATE AND TIME OF LATEST TRANSACTION |
| control field |
20210128125014.0 |
| 008 - FIXED-LENGTH DATA ELEMENTS--GENERAL INFORMATION |
| fixed length control field |
200220s2007 bg ||||| |||| 001 0 ben d |
| 020 ## - INTERNATIONAL STANDARD BOOK NUMBER |
| International Standard Book Number |
984300000966 |
| 040 ## - CATALOGING SOURCE |
| Original cataloging agency |
BD-DhUAP |
| Language of cataloging |
Ben |
| Transcribing agency |
BD-DhUAP |
| Modifying agency |
BD-DhUAP |
| 082 ## - DEWEY DECIMAL CLASSIFICATION NUMBER |
| Edition number |
23 |
| Classification number |
930.15492 ARC |
| 245 ## - TITLE STATEMENT |
| Title |
প্রত্নতাত্ত্বিক ঐতিহ্য / |
| Statement of responsibility, etc. |
সুফি মোস্তাফিজুর রহমান কর্তৃক সম্পাদিত। |
| 260 ## - PUBLICATION, DISTRIBUTION, ETC. |
| Place of publication, distribution, etc. |
ঢাকা : |
| Name of publisher, distributor, etc. |
বাংলাদেশ এশিয়াটিক সোসাইটি, |
| Date of publication, distribution, etc. |
c২০০৭। |
| 300 ## - PHYSICAL DESCRIPTION |
| Extent |
[১৪], ৫৬০ পৃষ্ঠা ; |
| Dimensions |
২৪ সেমি.। |
| 490 ## - SERIES STATEMENT |
| Series statement |
বাংলাদেশ সাংস্কৃতিক সমীক্ষামালা-১। |
| 500 ## - GENERAL NOTE |
| General note |
নির্ঘণ্ট সম্বলিত। |
| 650 ## - SUBJECT ADDED ENTRY--TOPICAL TERM |
| Topical term or geographic name entry element |
Excavations (Archaeology) |
| Geographic subdivision |
Bangladesh. |
| 650 ## - SUBJECT ADDED ENTRY--TOPICAL TERM |
| Topical term or geographic name entry element |
Excavations (Archaeology)। |
| 700 ## - ADDED ENTRY--PERSONAL NAME |
| Personal name |
রহমান, মোস্তাফিজুর। |
| 710 ## - ADDED ENTRY--CORPORATE NAME |
| Corporate name or jurisdiction name as entry element |
বাংলাদেশ এশিয়াটিক সোসাইটি। |
| 942 ## - ADDED ENTRY ELEMENTS (KOHA) |
| Source of classification or shelving scheme |
|
| Koha item type |
Reference |